[Event "Ceske Budejovice op-A"]
[Site "Ceske Budejovice"]
[Date "2025.07.05"]
[Round "8"]
[White "Cuhra, Martin"]
[Black "Velicka, Petr"]
[Result "1/2-1/2"]
[WhiteElo "2216"]
[BlackElo "2345"]
[PlyCount "35"]
[EventDate "2025.06.28"]
[EventType "swiss"]
[EventRounds "9"]
[EventCountry "CZE"]
[SourceTitle "CB28_2025"]
[SourceDate "2025.07.09"]
[SourceVersion "1"]
[SourceVersionDate "2025.07.09"]
[SourceQuality "1"]

1. Nf3 d5 2. c4 c6 3. e3 Nf6 4. Nc3 e6 5. d4 Nbd7 6. Qc2 Bd6 7. Bd3 0-0 8. 0-0 dxc4 9. Bxc4 e5 10. h3 h6 11. a3 a5 12. Bd2 Qe7 13. Ba2 Re8 14. Nh4 Nf8 15. Nf5 Bxf5 16. Qxf5 exd4 17. exd4 Bc7 18. Rad1 1/2-1/2

[Event "Ceske Budejovice op-A"]
[Site "Ceske Budejovice"]
[Date "2025.07.04"]
[Round "7"]
[White "Simunek, Jakub Simon"]
[Black "Cuhra, Martin"]
[Result "0-1"]
[WhiteElo "2079"]
[BlackElo "2216"]
[PlyCount "54"]
[EventDate "2025.06.28"]
[EventType "swiss"]
[EventRounds "9"]
[EventCountry "CZE"]
[SourceTitle "CB28_2025"]
[SourceDate "2025.07.09"]
[SourceVersion "1"]
[SourceVersionDate "2025.07.09"]
[SourceQuality "1"]

1. e4 c5 2. Nf3 d6 3. Bb5+ Nd7 4. c3 Ngf6 5. Qe2 a6 6. Ba4 b5 7. Bc2 Bb7 8. 0-0 e6 9. d4 Be7 10. Rd1 Qc7 11. Bd3 0-0 12. Nbd2 Rfd8 13. Nf1 e5 14. Ng3 Bf8 15. b3 exd4 16. cxd4 Re8 17. Qc2 Rac8 18. e5 Bxf3 19. exf6 Bxd1 20. Bxh7+ Kh8 21. fxg7+ Bxg7 22. Qxd1 Kxh7 23. Qh5+ Kg8 24. Bg5 Re6 25. Nf5 Rce8 26. Kf1 cxd4 27. Bh6 Qc3 0-1

[Event "Ceske Budejovice op-A"]
[Site "Ceske Budejovice"]
[Date "2025.07.02"]
[Round "5"]
[White "Hertlein, Irena"]
[Black "Cuhra, Martin"]
[Result "1/2-1/2"]
[WhiteElo "2009"]
[BlackElo "2216"]
[PlyCount "85"]
[EventDate "2025.06.28"]
[EventType "swiss"]
[EventRounds "9"]
[EventCountry "CZE"]
[SourceTitle "CB28_2025"]
[SourceDate "2025.07.09"]
[SourceVersion "1"]
[SourceVersionDate "2025.07.09"]
[SourceQuality "1"]

1. e4 e5 2. Nf3 Nc6 3. Bb5 Nge7 4. d4 exd4 5. Nxd4 Nxd4 6. Qxd4 Nc6 7. Qe3 Be7 8. Nc3 0-0 9. 0-0 a6 10. Be2 Re8 11. Nd5 Nb4 12. Qb3 Nxd5 13. exd5 Bf6 14. Bf3 d6 15. Bd2 b6 16. Rfe1 Bf5 17. Bc3 Bxc3 18. Qxc3 Qd7 19. Qc4 a5 20. h3 Kf8 21. c3 Rxe1+ 22. Rxe1 Re8 23. Rxe8+ Kxe8 24. Be4 Kd8 25. a4 h6 26. Bxf5 Qxf5 27. b4 axb4 28. cxb4 Qe5 29. Qb5 Qe1+ 30. Kh2 Qxf2 31. a5 Qf4+ 32. Kh1 Qc1+ 33. Kh2 Qe3 34. a6 f5 35. Qa4 Qe5+ 36. Kg1 Qe1+ 37. Kh2 Qe5+ 38. Kg1 Qxd5 39. a7 Qa8 40. b5 Kd7 41. Qc4 Kc8 42. Qc6 Qxa7 43. Qe8+ 1/2-1/2

[Event "Ceske Budejovice op-A"]
[Site "Ceske Budejovice"]
[Date "2025.06.29"]
[Round "2"]
[White "Cuhra, Martin"]
[Black "Zauner, Christoph"]
[Result "1/2-1/2"]
[WhiteElo "2216"]
[BlackElo "1974"]
[PlyCount "69"]
[EventDate "2025.06.28"]
[EventType "swiss"]
[EventRounds "9"]
[EventCountry "CZE"]
[SourceTitle "CB28_2025"]
[SourceDate "2025.07.09"]
[SourceVersion "1"]
[SourceVersionDate "2025.07.09"]
[SourceQuality "1"]

1. Nf3 d5 2. d4 Nf6 3. c4 e6 4. e3 c5 5. b3 cxd4 6. exd4 Nc6 7. c5 Be7 8. a3 a5 9. Bb5 Bd7 10. Nc3 b6 11. Be3 Ng4 12. Bxc6 Bxc6 13. b4 Nxe3 14. fxe3 axb4 15. axb4 bxc5 16. bxc5 0-0 17. 0-0 Qc7 18. Qd3 Rfb8 19. Ne5 Be8 20. Nf3 f6 21. Rfb1 Bg6 22. Rxb8+ Qxb8 23. Qd1 Rxa1 24. Qxa1 Bd8 25. Qa6 Kf7 26. Nb5 Ke7 27. c6 Bc7 28. Qa3+ Kf7 29. Nxc7 Qxc7 30. Qa6 Ke7 31. Qa3+ Ke8 32. Qa8+ Ke7 33. Qa3+ Ke8 34. Qc3 Kd8 35. Qa3 1/2-1/2

[Event "CZE-chT 2425"]
[Site "Czech Republic"]
[Date "2024.11.03"]
[Round "2.6"]
[White "Kusa, Jakub"]
[Black "Cuhra, Martin"]
[Result "1/2-1/2"]
[WhiteElo "2401"]
[BlackElo "2277"]
[PlyCount "97"]
[EventDate "2024.11.01"]
[EventType "team-tourn"]
[EventRounds "11"]
[EventCountry "CZE"]
[SourceTitle "CB45_2024"]
[Source "ChessBase"]
[SourceDate "2024.11.06"]
[SourceVersion "1"]
[SourceVersionDate "2024.11.06"]
[SourceQuality "1"]
[WhiteTeam "Brno Moravska Slavia"]
[BlackTeam "Oaza Loznice.cz"]
[WhiteTeamCountry "CZE"]
[BlackTeamCountry "CZE"]

1. d4 Nf6 2. Nf3 c5 3. d5 b5 4. e4 Nxe4 5. Bd3 Nd6 6. Bf4 Qb6 7. Nc3 c4 8. Be2 g6 9. Qd4 Qxd4 10. Nxd4 a6 11. Be5 f6 12. Bxd6 exd6 13. a4 b4 14. Nd1 a5 15. Ne3 Na6 16. Nxc4 Nc5 17. Nb5 Kf7 18. Nbxd6+ Bxd6 19. Nxd6+ Ke7 20. Nb5 Rb8 21. 0-0 Ba6 22. d6+ Kd8 23. b3 Rb6 24. Rfd1 Re8 25. Bc4 Bxb5 26. axb5 Nb7 27. Kf1 Re5 28. Rd3 Rc5 29. Rh3 h5 30. g4 Rxd6 31. gxh5 Rxh5 32. Rxh5 gxh5 33. Bd3 Kc7 34. Re1 Nc5 35. Bg6 Rd4 36. Bxh5 Rh4 37. Bf3 Rxh2 38. Re8 Kb6 39. Rb8+ Kc7 40. Rf8 Rh6 41. Rf7 Kb6 42. Be2 Kc7 43. Bg4 Rh4 44. b6+ Kxb6 45. Rxf6+ Kc7 46. Rg6 Rh7 47. Rg5 Kb6 48. Rg6+ Kc7 49. Rg5 1/2-1/2

[Event "Pardubice Czech op-E 35th"]
[Site "Pardubice"]
[Date "2024.07.14"]
[Round "6.4"]
[White "Havlik, Jan"]
[Black "Cuhra, Martin"]
[Result "1-0"]
[WhiteElo "2346"]
[BlackElo "2273"]
[PlyCount "83"]
[EventDate "2024.07.11"]
[EventType "team-swiss"]
[EventRounds "7"]
[EventCountry "CZE"]
[SourceTitle "CBM 221 Extra"]
[Source "ChessBase"]
[SourceDate "2024.09.30"]
[SourceVersion "1"]
[SourceVersionDate "2024.09.30"]
[SourceQuality "1"]
[WhiteTeam "Pisek"]
[BlackTeam "Praha Oaza"]
[WhiteTeamCountry "CZE"]
[BlackTeamCountry "CZE"]

1. e4 e5 2. Nf3 Nc6 3. Bb5 a6 4. Ba4 d6 5. Bxc6+ bxc6 6. d4 exd4 7. Qxd4 Be6 8. Nc3 f6 9. Be3 Ne7 10. h3 Ng6 11. Nd2 c5 12. Qd3 Ne5 13. Qe2 Be7 14. f4 Nc6 15. Nf3 0-0 16. f5 Bf7 17. 0-0 Qb8 18. b3 Re8 19. Qd2 Bd8 20. Bf4 Qb4 21. Rae1 a5 22. g4 Be7 23. Kh1 Ne5 24. g5 Bh5 25. Bxe5 dxe5 26. a3 Qb7 27. Qd5+ Qxd5 28. Nxd5 Bd8 29. gxf6 gxf6 30. Nd2 a4 31. Nc4 Ra6 32. Rg1+ Kf8 33. Rg3 c6 34. Nde3 Be7 35. Reg1 Bf7 36. Ng4 Bxc4 37. Nh6 Bd6 38. bxc4 Ke7 39. Rg7+ Kd8 40. Nf7+ Kc7 41. Nxd6+ Kxd6 42. Rd1# 1-0

[Event "Pardubice Czech op-E 35th"]
[Site "Pardubice"]
[Date "2024.07.12"]
[Round "3.3"]
[White "Weissmann, Lukas"]
[Black "Cuhra, Martin"]
[Result "0-1"]
[WhiteElo "2111"]
[BlackElo "2273"]
[PlyCount "68"]
[EventDate "2024.07.11"]
[EventType "team-swiss"]
[EventRounds "7"]
[EventCountry "CZE"]
[SourceTitle "CBM 221 Extra"]
[Source "ChessBase"]
[SourceDate "2024.09.30"]
[SourceVersion "1"]
[SourceVersionDate "2024.09.30"]
[SourceQuality "1"]
[WhiteTeam "Zatim bez nazvu"]
[BlackTeam "Praha Oaza"]
[WhiteTeamCountry "CZE"]
[BlackTeamCountry "CZE"]

1. c4 Nf6 2. Nc3 c5 3. Nf3 d5 4. cxd5 Nxd5 5. g3 Nc6 6. Bg2 Nc7 7. 0-0 e5 8. d3 Be7 9. Nd2 0-0 10. Nc4 f6 11. f4 exf4 12. Bxf4 Ne6 13. Nd5 Nxf4 14. Nxf4 Bd6 15. Bxc6 bxc6 16. Nxd6 Qxd6 17. Qc2 g5 18. Ng2 Bh3 19. Rf2 Rae8 20. Rc1 Re5 21. Qa4 Rf7 22. Rc4 Rfe7 23. Qc2 Kg7 24. b4 Rb7 25. d4 cxd4 26. Rxc6 Qxb4 27. Rc7+ Rxc7 28. Qxc7+ Qe7 29. Qc4 Rc5 30. Qa6 Rc1+ 31. Rf1 Rxf1+ 32. Kxf1 Qe4 33. Qxa7+ Kg6 34. Qb8 Qxg2+ 0-1

[Event "CZE-chT1W 2324"]
[Site "Czech Republic"]
[Date "2024.04.14"]
[Round "11.6"]
[White "Neckar, Lubomir"]
[Black "Cuhra, Martin"]
[Result "0-1"]
[WhiteElo "2238"]
[BlackElo "2209"]
[PlyCount "56"]
[EventDate "2023.10.29"]
[EventType "team-tourn"]
[EventRounds "11"]
[EventCountry "CZE"]
[SourceTitle "EXT 2025"]
[Source "ChessBase"]
[SourceDate "2024.10.14"]
[SourceVersion "1"]
[SourceVersionDate "2024.10.14"]
[SourceQuality "1"]
[WhiteTeam "Lysa nad Labem II"]
[BlackTeam "Praha Oaza"]
[WhiteTeamCountry "CZE"]
[BlackTeamCountry "CZE"]

1. Nf3 c5 2. g3 g6 3. c4 Bg7 4. Bg2 Nf6 5. 0-0 0-0 6. d4 cxd4 7. Nxd4 Nc6 8. Nc3 d6 9. Nxc6 bxc6 10. Bxc6 Rb8 11. Bg2 Qa5 12. Nb5 Bb7 13. Bd2 Qa6 14. Bxb7 Rxb7 15. Bc3 Rc8 16. b3 d5 17. a4 dxc4 18. bxc4 Qe6 19. Rc1 Rd7 20. Qe1 Rxc4 21. Bb2 a6 22. Na3 Rxc1 23. Qxc1 Rd8 24. Qc4 Qxc4 25. Nxc4 Rc8 26. Rc1 Nd5 27. Bxg7 Kxg7 28. Rc2 Nb6 0-1

[Event "CZE-chT1W 2324"]
[Site "Czech Republic"]
[Date "2024.01.21"]
[Round "6.7"]
[White "Sedy, Pavel"]
[Black "Cuhra, Martin"]
[Result "0-1"]
[WhiteElo "2192"]
[BlackElo "2209"]
[PlyCount "90"]
[EventDate "2023.10.29"]
[EventType "team-tourn"]
[EventRounds "11"]
[EventCountry "CZE"]
[SourceTitle "EXT 2025"]
[Source "ChessBase"]
[SourceDate "2024.10.14"]
[SourceVersion "1"]
[SourceVersionDate "2024.10.14"]
[SourceQuality "1"]
[WhiteTeam "Vysehrad"]
[BlackTeam "Praha Oaza"]
[WhiteTeamCountry "CZE"]
[BlackTeamCountry "CZE"]

1. e4 c5 2. Nf3 g6 3. d4 cxd4 4. Nxd4 Bg7 5. c4 Nc6 6. Nxc6 bxc6 7. Nc3 d6 8. Be2 Nf6 9. 0-0 0-0 10. Rb1 Nd7 11. Qc2 Nc5 12. Be3 Ne6 13. Rfd1 c5 14. b4 Bd4 15. Bh6 cxb4 16. Nd5 a5 17. Bxf8 Kxf8 18. Bg4 Bc5 19. e5 Nd4 20. Rxd4 Bxd4 21. exd6 Qxd6 22. Qe4 e5 23. Nb6 Bxg4 24. Qxa8+ Kg7 25. Nd5 Qc5 26. Qd8 e4 27. Qh4 Be6 28. Ne3 Bxe3 29. fxe3 Qxe3+ 30. Kh1 Bxc4 31. Re1 Qd3 32. Qe7 Be6 33. h3 Qd5 34. Qh4 Qxa2 35. Qxe4 Qb2 36. Qe5+ Qxe5 37. Rxe5 a4 38. Re4 a3 39. Rxb4 a2 40. Ra4 Kf6 41. Kg1 Ke5 42. Kf2 Bb3 43. Ra5+ Kd4 44. g4 Kc3 45. g5 Kb4 0-1

[Event "CZE-chT1W 2324"]
[Site "Czech Republic"]
[Date "2023.12.10"]
[Round "4.7"]
[White "Filindash, Nikita"]
[Black "Cuhra, Martin"]
[Result "0-1"]
[WhiteElo "1927"]
[BlackElo "2209"]
[PlyCount "118"]
[EventDate "2023.10.29"]
[EventType "team-tourn"]
[EventRounds "11"]
[EventCountry "CZE"]
[SourceTitle "EXT 2025"]
[Source "ChessBase"]
[SourceDate "2024.10.14"]
[SourceVersion "1"]
[SourceVersionDate "2024.10.14"]
[SourceQuality "1"]
[WhiteTeam "Litomerice Slavoj"]
[BlackTeam "Praha Oaza"]
[WhiteTeamCountry "CZE"]
[BlackTeamCountry "CZE"]

1. d4 c5 2. d5 Nf6 3. c4 b5 4. cxb5 a6 5. bxa6 g6 6. Nc3 Bg7 7. e4 0-0 8. a7 Rxa7 9. Nf3 Qa5 10. Bd2 Qb6 11. Qc2 Na6 12. Nb5 Ra8 13. a4 e6 14. dxe6 fxe6 15. a5 Qb8 16. Bc3 d5 17. Be5 Qb7 18. Nd6 Qe7 19. Nxc8 Rfxc8 20. Bxa6 Rxa6 21. Bxf6 Qxf6 22. e5 Qd8 23. Qc3 Bf8 24. Nd2 Rca8 25. Nb3 c4 26. Nd4 Rxa5 27. Rxa5 Qxa5 28. 0-0 Qxc3 29. bxc3 Kf7 30. Rb1 Bc5 31. g3 Bxd4 32. cxd4 g5 33. g4 Ra3 34. Rd1 h5 35. gxh5 Rh3 36. Kg2 Rxh5 37. Kg3 Rh4 38. f3 Kg6 39. Rd2 Kf5 40. Rd1 Rh7 41. Rb1 Rc7 42. Kf2 c3 43. Rc1 c2 44. Kg3 Rc3 45. h3 Rc4 46. Kf2 Kf4 47. Ke2 Kg3 48. Ke3 Kxh3 49. Kf2 Kh2 50. Ke3 Kg2 51. Ke2 Kg3 52. Rg1+ Kf4 53. Rc1 Rc3 54. Kd2 Rxf3 55. Kxc2 g4 56. Kd2 Ke4 57. Rc6 Kf5 58. Ke2 Rh3 59. Kf2 Rd3 0-1

[Event "CZE-chT1W 2324"]
[Site "Czech Republic"]
[Date "2023.11.26"]
[Round "3.8"]
[White "Petr, Jan"]
[Black "Cuhra, Martin"]
[Result "1/2-1/2"]
[WhiteElo "2046"]
[BlackElo "2209"]
[PlyCount "69"]
[EventDate "2023.10.29"]
[EventType "team-tourn"]
[EventRounds "11"]
[EventCountry "CZE"]
[SourceTitle "EXT 2025"]
[Source "ChessBase"]
[SourceDate "2024.10.14"]
[SourceVersion "1"]
[SourceVersionDate "2024.10.14"]
[SourceQuality "1"]
[WhiteTeam "Pankrac"]
[BlackTeam "Praha Oaza"]
[WhiteTeamCountry "CZE"]
[BlackTeamCountry "CZE"]

1. c4 c5 2. Nc3 Nf6 3. Nf3 g6 4. g3 Bg7 5. Bg2 0-0 6. 0-0 Nc6 7. d4 cxd4 8. Nxd4 d6 9. Nxc6 bxc6 10. Bxc6 Bh3 11. Bg2 Bxg2 12. Kxg2 Qc7 13. Qd3 Rfc8 14. Bg5 Qxc4 15. Rfd1 Qxd3 16. exd3 Rab8 17. Rab1 Kf8 18. Re1 e6 19. Bf4 Ke7 20. Ne4 Nxe4 21. Rxe4 Rb7 22. b3 e5 23. Be3 d5 24. Ra4 d4 25. Rc1 Rbc7 26. Rxc7+ Rxc7 27. Bd2 Kd7 28. Kf3 Ke6 29. Ke2 f5 30. f3 Bf6 31. h3 Bg7 32. g4 Bf6 33. Ra6+ Kf7 34. Ra5 Ke6 35. Ra6+ 1/2-1/2

[Event "CZE-chT1W 2223"]
[Site "Czech Republic"]
[Date "2023.02.26"]
[Round "9.6"]
[White "Munk, Petr"]
[Black "Cuhra, Martin"]
[Result "1/2-1/2"]
[WhiteElo "2086"]
[BlackElo "2225"]
[PlyCount "208"]
[EventDate "2022.10.09"]
[EventType "team-tourn"]
[EventRounds "11"]
[EventCountry "CZE"]
[SourceTitle "CBM 213 Extra"]
[Source "ChessBase"]
[SourceDate "2023.05.31"]
[SourceVersion "1"]
[SourceVersionDate "2023.05.31"]
[SourceQuality "1"]
[WhiteTeam "Lysa nad Labem II"]
[BlackTeam "Praha Oaza II"]
[WhiteTeamCountry "CZE"]
[BlackTeamCountry "CZE"]

1. e4 c5 2. c4 Nc6 3. Ne2 g6 4. d4 cxd4 5. Nxd4 Bg7 6. Be3 Nf6 7. Nc3 0-0 8. Be2 Nxd4 9. Bxd4 d6 10. 0-0 Bd7 11. f3 Bc6 12. Qd2 Nd7 13. Be3 a5 14. b3 Nc5 15. Rab1 Qb6 16. Rfc1 Rfc8 17. Rc2 h5 18. Nb5 Kh7 19. a3 Qd8 20. Nd4 a4 21. b4 Nb3 22. Qd3 Qh8 23. Rd1 Bd7 24. Ra2 Nxd4 25. Bxd4 Be6 26. Bxg7 Qxg7 27. Rc2 Rc7 28. Rc3 b5 29. Qc2 Rac8 30. Qd2 bxc4 31. Qd4 Qxd4+ 32. Rxd4 Kg7 33. Bd1 Bd7 34. Be2 Bb5 35. Rd5 Rb8 36. e5 Rb6 37. Kf2 dxe5 38. Rxe5 Kf6 39. f4 e6 40. Ke3 Rd7 41. Rc5 Bc6 42. g3 Bd5 43. Bxc4 Bxc4 44. R5xc4 Rbd6 45. b5 Rb6 46. Rb4 Rd5 47. Rxa4 Rdxb5 48. Rac4 Rb2 49. h4 Rg2 50. Kd4 Rb1 51. Rb4 Ra1 52. Rb5 Rd2+ 53. Kc4 Rad1 54. Re5 Rd4+ 55. Kb3 Rb1+ 56. Kc2 Rdd1 57. Rce3 Ra1 58. Ra5 Rg1 59. Kd3 Ra2 60. Kc4 Rag2 61. Rg5 Kg7 62. Kd4 Rd1+ 63. Kc3 Rc1+ 64. Kb3 Rb1+ 65. Kc3 Rgb2 66. Rge5 Ra2 67. Kc4 Rba1 68. Kb4 Rg2 69. a4 Rga2 70. a5 Ra4+ 71. Kc3 R1a3+ 72. Kd2 Rxa5 73. Rxa5 Rxa5 74. Rb3 e5 75. Ke3 exf4+ 76. Kxf4 Rf5+ 77. Ke4 Rf1 78. Rb6 Kh6 79. Rb8 f6 80. Ra8 g5 81. hxg5+ Kxg5 82. Rg8+ Kh6 83. Rh8+ Kg6 84. Rg8+ Kh7 85. Ra8 Kg7 86. Rb8 Ra1 87. Kf5 Ra5+ 88. Kf4 Rg5 89. Ra8 Rg4+ 90. Kf3 Rb4 91. Ra7+ Kg6 92. Ra5 Rb3+ 93. Kf4 Rb4+ 94. Kf3 h4 95. gxh4 Rxh4 96. Rb5 Ra4 97. Kf2 Ra3 98. Kg2 f5 99. Kf2 Kg5 100. Rb4 Rh3 101. Ra4 f4 102. Ra8 Rh2+ 103. Kf3 Rh3+ 104. Kf2 Rh2+ 1/2-1/2

[Event "CZE-chT 2223"]
[Site "Czech Republic"]
[Date "2022.10.16"]
[Round "2.4"]
[White "Balacek, Tadeas"]
[Black "Cuhra, Martin"]
[Result "1-0"]
[WhiteElo "2378"]
[BlackElo "2225"]
[PlyCount "105"]
[EventDate "2022.10.15"]
[EventType "team-tourn"]
[EventRounds "11"]
[EventCountry "CZE"]
[SourceTitle "CBM 210 Extra"]
[Source "ChessBase"]
[SourceDate "2022.11.30"]
[SourceVersion "1"]
[SourceVersionDate "2022.11.30"]
[SourceQuality "1"]
[WhiteTeam "Lysa nad Labem"]
[BlackTeam "Oaza Loznice.cz"]
[WhiteTeamCountry "CZE"]
[BlackTeamCountry "CZE"]

1. d4 Nf6 2. c4 c5 3. d5 b5 4. Nd2 Qa5 5. Qc2 e6 6. e4 Na6 7. e5 Ng8 8. dxe6 dxe6 9. cxb5 Nb4 10. Qc3 a6 11. a4 Ne7 12. Ngf3 Ned5 13. Qb3 Be7 14. Bc4 0-0 15. 0-0 Bd7 16. bxa6 Rfb8 17. Ne4 Nxa6 18. Qd1 Bc6 19. Qe2 Nab4 20. Bd2 Qc7 21. b3 Nb6 22. Bb5 Bxb5 23. axb5 N6d5 24. Rxa8 Rxa8 25. Rc1 Qb6 26. Qc4 Rc8 27. Bxb4 Nxb4 28. Nc3 Rb8 29. Rd1 h6 30. h3 Qb7 31. Kh2 Bf8 32. Kg3 Be7 33. h4 g6 34. Rd2 Kg7 35. Kf4 g5+ 36. hxg5 hxg5+ 37. Kg3 Nd5 38. Nxd5 exd5 39. Rxd5 Qxb5 40. Qxb5 Rxb5 41. Rd7 Kf8 42. Rd3 Kg7 43. Nd2 Kg6 44. Nc4 Rb7 45. Kf3 f6 46. Ke4 fxe5 47. Nxe5+ Kf6 48. Kd5 Kg7 49. Ke6 Kf8 50. Nd7+ Ke8 51. Rh3 Rxd7 52. Rh8+ Bf8 53. Rxf8+ 1-0

[Event "Pardubice Czech op-E 33rd"]
[Site "Pardubice"]
[Date "2022.07.16"]
[Round "4.4"]
[White "Fiala, Jan"]
[Black "Cuhra, Martin"]
[Result "0-1"]
[WhiteElo "2019"]
[BlackElo "2225"]
[PlyCount "88"]
[EventDate "2022.07.14"]
[EventType "team-swiss"]
[EventRounds "7"]
[EventCountry "CZE"]
[SourceTitle "CBM 209 Extra"]
[Source "ChessBase"]
[SourceDate "2022.09.30"]
[SourceVersion "1"]
[SourceVersionDate "2022.09.30"]
[SourceQuality "1"]
[WhiteTeam "Rotujici Kedluben"]
[BlackTeam "Praha Oaza"]
[WhiteTeamCountry "CZE"]
[BlackTeamCountry "CZE"]

1. e4 c5 2. Nf3 g6 3. d4 cxd4 4. Nxd4 Bg7 5. Nc3 Nc6 6. Be3 Nf6 7. Bc4 0-0 8. Bb3 d6 9. f3 Bd7 10. Qd2 Nxd4 11. Bxd4 b5 12. a4 b4 13. Nd5 Nxd5 14. Bxg7 Kxg7 15. exd5 a5 16. Qd4+ f6 17. 0-0 Qc7 18. Rfe1 Rfe8 19. Re2 Qa7 20. Qxa7 Rxa7 21. Rae1 Kf7 22. Kf2 Rc7 23. g4 Bc8 24. Rd2 Rh8 25. h3 h5 26. Kg3 hxg4 27. hxg4 Bb7 28. Rh2 Rxh2 29. Kxh2 Rc5 30. Rd1 Ba6 31. Rd4 Rc8 32. Kg3 Rh8 33. Kg2 Rc8 34. Kg3 Ke8 35. Re4 Kd7 36. g5 fxg5 37. Kg4 Rf8 38. Kxg5 Rxf3 39. Rg4 Be2 40. Rg2 Bf1 41. Rg1 Bh3 42. Kxg6 Bf5+ 43. Kg5 Rf2 44. Rc1 Be4 0-1

[Event "Pardubice Czech op-E 33rd"]
[Site "Pardubice"]
[Date "2022.07.15"]
[Round "3.4"]
[White "Cuhra, Martin"]
[Black "Ruda, Ondrej"]
[Result "1-0"]
[WhiteElo "2225"]
[BlackElo "2024"]
[PlyCount "37"]
[EventDate "2022.07.14"]
[EventType "team-swiss"]
[EventRounds "7"]
[EventCountry "CZE"]
[SourceTitle "CBM 209 Extra"]
[Source "ChessBase"]
[SourceDate "2022.09.30"]
[SourceVersion "1"]
[SourceVersionDate "2022.09.30"]
[SourceQuality "1"]
[WhiteTeam "Praha Oaza"]
[BlackTeam "Lipa"]
[WhiteTeamCountry "CZE"]
[BlackTeamCountry "CZE"]

1. e4 e5 2. Nf3 Nc6 3. Bc4 Bc5 4. b4 Bxb4 5. c3 Be7 6. d4 d6 7. Qb3 Na5 8. Bxf7+ Kf8 9. Qa4 Kxf7 10. Qxa5 exd4 11. cxd4 c5 12. Qd2 cxd4 13. 0-0 Nf6 14. e5 dxe5 15. Nxe5+ Kf8 16. Re1 Bf5 17. Ba3 Bxa3 18. Nxa3 h6 19. Qf4 1-0

[Event "Ceske Budejovice op-A"]
[Site "Ceske Budejovice"]
[Date "2022.07.09"]
[Round "9"]
[White "Cuhra, Martin"]
[Black "Toman, Ondrej"]
[Result "0-1"]
[WhiteElo "2225"]
[BlackElo "2276"]
[PlyCount "72"]
[EventDate "2022.07.01"]
[EventType "swiss"]
[EventRounds "9"]
[EventCountry "CZE"]
[SourceTitle "CBM 209 Extra"]
[Source "ChessBase"]
[SourceDate "2022.09.30"]
[SourceVersion "1"]
[SourceVersionDate "2022.09.30"]
[SourceQuality "1"]

1. e4 c6 2. d4 d5 3. e5 c5 4. dxc5 e6 5. a3 Bxc5 6. Qg4 Ne7 7. Nf3 Ng6 8. Bd3 0-0 9. b4 f5 10. Qg3 Be7 11. Bb2 a5 12. b5 Nd7 13. Bd4 Bc5 14. c3 a4 15. 0-0 Qc7 16. Re1 Nb6 17. Nbd2 Bd7 18. Ng5 Bxd4 19. cxd4 Qc3 20. Qe3 Rac8 21. g4 Ne7 22. Ndf3 Nc4 23. Qe2 h6 24. Rec1 Qa5 25. gxf5 Nxf5 26. Bxc4 Rxc4 27. Rxc4 dxc4 28. Ne4 Qxb5 29. Nc3 Qb3 30. Qd2 Bc6 31. d5 Bxd5 32. Rb1 Qxa3 33. Nd4 Nxd4 34. Qxd4 Bc6 35. Qxc4 Qe7 36. Ne2 Qf7 0-1

[Event "CZE-chT2A 2122"]
[Site "Czech Republic"]
[Date "2022.01.16"]
[Round "6.5"]
[White "Cuhra, Martin"]
[Black "Ruzicka, Ales"]
[Result "1-0"]
[WhiteElo "2216"]
[BlackElo "2095"]
[PlyCount "97"]
[EventDate "2021.10.17"]
[EventType "team-tourn"]
[EventRounds "11"]
[EventCountry "CZE"]
[SourceTitle "EXT 2025"]
[Source "ChessBase"]
[SourceDate "2024.10.14"]
[SourceVersion "1"]
[SourceVersionDate "2024.10.14"]
[SourceQuality "1"]
[WhiteTeam "Praha Oaza II"]
[BlackTeam "Tabor"]
[WhiteTeamCountry "CZE"]
[BlackTeamCountry "CZE"]

1. e4 c5 2. Nf3 d6 3. d4 cxd4 4. Nxd4 Nf6 5. Nc3 a6 6. h3 e5 7. Nde2 Be7 8. g4 0-0 9. Bg2 Be6 10. 0-0 Nbd7 11. a4 b6 12. Be3 Rc8 13. Qd2 Qc7 14. Rfc1 Rfd8 15. Ng3 g6 16. Bf1 Nb8 17. a5 bxa5 18. Nd5 Bxd5 19. exd5 Qb7 20. c4 Nbd7 21. Rxa5 Nc5 22. Bxc5 Rxc5 23. Rxc5 dxc5 24. Qc3 Nd7 25. Ra1 Bh4 26. Ne4 Qb6 27. Ra3 Rb8 28. b3 f5 29. Ng3 fxg4 30. hxg4 Qf6 31. Qe3 Rf8 32. Ne4 Qb6 33. g5 Rf4 34. Bg2 h6 35. Qh3 Nf8 36. gxh6 Qb4 37. Ra1 Qb6 38. d6 Kh7 39. Rd1 Bd8 40. Qc3 Nd7 41. Qe3 Rh4 42. Ng5+ Kh8 43. Rd5 Rd4 44. Nf7+ Kh7 45. Qh3 Rxd5 46. Bxd5 Nf6 47. Ng5+ Kh8 48. h7 Nxh7 49. Qxh7# 1-0

[Event "CZE-chT1W 2122"]
[Site "Czech Republic"]
[Date "2021.12.12"]
[Round "5.6"]
[White "Vojta, Tomas"]
[Black "Cuhra, Martin"]
[Result "0-1"]
[WhiteElo "2301"]
[BlackElo "2182"]
[PlyCount "88"]
[EventDate "2021.10.10"]
[EventType "team-tourn"]
[EventRounds "11"]
[EventCountry "CZE"]
[SourceTitle "EXT 2023"]
[Source "ChessBase"]
[SourceDate "2022.10.05"]
[SourceVersion "1"]
[SourceVersionDate "2022.10.05"]
[SourceQuality "1"]
[WhiteTeam "Vlasim Spartak"]
[BlackTeam "Praha Oaza"]
[WhiteTeamCountry "CZE"]
[BlackTeamCountry "CZE"]

1. e4 c5 2. f4 d5 3. e5 Nc6 4. Nf3 Bg4 5. Be2 e6 6. 0-0 Nh6 7. d3 Nf5 8. c3 Be7 9. Na3 Qb6 10. Nc2 h5 11. Rb1 0-0-0 12. Ne3 d4 13. Nxf5 Bxf5 14. c4 h4 15. h3 Rdg8 16. a3 a5 17. Bd2 Bg6 18. b3 f6 19. Qe1 Bh5 20. Nh2 Be8 21. Bf3 f5 22. Bxc6 Bxc6 23. Nf3 Bxf3 24. Rxf3 g5 25. Bxa5 Qc6 26. fxg5 Bxg5 27. Qe2 Rg6 28. Kh1 Rhg8 29. b4 Qa6 30. Qe1 b6 31. Rf1 bxa5 32. bxc5 Bd8 33. Rf2 Qc6 34. Qf1 Rg3 35. Kh2 Bc7 36. Re1 Qxc5 37. Rfe2 Qxa3 38. Qf4 Qxd3 39. Qxh4 Re3 40. Rxe3 dxe3 41. Qh6 Rxg2+ 42. Kh1 Re2 43. Qxe6+ Kb7 44. Rxe2 Qd1+ 0-1

[Event "Pardubice Czech op-E 32nd"]
[Site "Pardubice"]
[Date "2021.07.17"]
[Round "4.4"]
[White "Cuhra, Martin"]
[Black "Stankova, Zuzana1"]
[Result "1/2-1/2"]
[WhiteElo "2188"]
[BlackElo "1683"]
[PlyCount "53"]
[EventDate "2021.07.15"]
[EventType "team-swiss"]
[EventRounds "7"]
[EventCountry "CZE"]
[SourceTitle "CBM 203 Extra"]
[Source "ChessBase"]
[SourceDate "2021.09.30"]
[SourceVersion "1"]
[SourceVersionDate "2021.09.30"]
[SourceQuality "1"]
[WhiteTeam "Praha Oaza"]
[BlackTeam "Cerebro"]
[WhiteTeamCountry "CZE"]
[BlackTeamCountry "CZE"]

1. d4 d5 2. c4 Nf6 3. g3 Bf5 4. Bg2 e6 5. Nf3 c5 6. 0-0 Nc6 7. Nc3 Be7 8. dxc5 Bxc5 9. Nh4 Be4 10. Nxe4 Nxe4 11. cxd5 exd5 12. e3 0-0 13. a3 Be7 14. Nf3 Bf6 15. Rb1 Qd7 16. Nd4 Rfd8 17. Qd3 Ne5 18. Qe2 Rac8 19. Rd1 a6 20. Bd2 Nc6 21. Be1 Qe8 22. Qd3 Ne5 23. Qb3 b5 24. Ba5 Rd7 25. Bh3 Rc4 26. f4 Nc5 27. Qa2 1/2-1/2